Music Quiz

Random Music or Singers Quiz
Score 0/24 Timer 06:00
1 Play Today
Other Members Band % Correct
Keith Richards, Bill Wyman, Ronnie Wood, Charlie WattsThe Rolling Stones
87%
Pete Townshend, Keith Moon, John EntwistleThe Who
85.9%
Jimmy Page, John Paul Jones, John BonhamLed Zeppelin
79.9%
Lars Ulrich, Kirk Hammett, Jason NewstedMetallica
74.9%
John Frusciante, Chad Smith, Michael 'Flea' BalzaryRed Hot Chili Peppers
68.4%
Brian May, Roger Taylor, John DeaconQueen
68.3%
Richie Sambora, Tico Torres, David Bryan, Alec John SuchBon Jovi
58.9%
Ray Manzarek, John Densmore, Robby KriegerThe Doors
45.8%
Mick Jones, Paul Simonon, Nick 'Topper' HeadonThe Clash
31%
Nate Mendel, Taylor Hawkins, Chris ShiflettFoo Fighters
31%
Neal Schon, Ross Valory, Jonathan Cain, Steve SmithJourney
24.5%
Ed O'Brien, Jonny Greenwood, Colin Greenwood, Phil SelwayRadiohead
24.4%
Other Members Band % Correct
Graham Coxon, Alex James, Dave RowntreeBlur
21%
Chris Frantz, Tina Weymouth, Jerry HarrisonTalking Heads
20.8%
Steve Jones, Paul Cook, Glen MatlockSex Pistols
20.2%
Daron Malakian, Shavo Odadjian, John DolmayanSystem of a Down
19%
Jonny Buckland, Guy Berryman, Will ChampionColdplay
18.4%
Joey Santiago, Kim Deal, David LoveringPixies
17.7%
Dean DeLeo, Robert DeLeo, Eric KretzStone Temple Pilots
13.4%
Peter Hook, Stephen Morris, Bernard SumnerJoy Division
12.1%
Danny Carey, Justin Chancellor, Adam JonesTool
10.4%
Brian Bell, Scott Shriner, Patrick WilsonWeezer
9.6%
Rostam Batmanglij, Chris Tomson, Chris BaioVampire Weekend
4.7%
Nicholas McCarthy, Robert Hardy, Paul ThomsonFranz Ferdinand
3.7%
Remove Ads.
Support Sporcle.
Get the best of Sporcle when you Go Orange. This ad-free experience offers more features, more stats, and more fun while also helping to support Sporcle. Thank you for becoming a member.

You're not logged in!

Compare scores with friends on all Sporcle quizzes.
OR
Log In

Show Comments

Extras

Top Quizzes Today


Score Distribution

Your Account Isn't Verified!

In order to create a playlist on Sporcle, you need to verify the email address you used during registration. Go to your Sporcle Settings to finish the process.

Report this User

Report this user for behavior that violates our Community Guidelines.

Details: